Les 7 villes des États-Unis les plus peuplées commençant par V - Statistiques

Statistiques générales
  • Ce quiz a été pris 10 fois
  • Le résultat moyen est 1 sur 7
Statistiques - réponses
# Ville Population % Correct
1 Virginia Beach 453.649
75%
2 Vancouver 196.442
50%
5 Vallejo 122.807
13%
7 Vacaville 102.526
0%
6 Ventura 109.058
0%
4 Victorville 138.869
0%
3 Visalia 144.998
0%
Aucun quiz correspondant
Distribution des résultats
% des personnes avec chaque résultat
Percentile par nombre de réponses
Votre historique - résultats
Vous n’avez pas pris ce quiz